000 00440pab a2200169 454500
008 180718b1976 xxu||||| |||| 00| 0 eng d
100 _aMozumder, C.
245 _aEastern zonal council - Its possible role in regional planning and development
260 _c1976
300 _ap.41-53.
362 _aJul-Sep
650 _aRegional development
650 _aRegional planning
773 _aNagarlok
908 _aN
909 _a102405
999 _c102403
_d102403